| 000 | 004900000a22001570004500 | ||
|---|---|---|---|
| 003 | MACL | ||
| 005 | 20171220133734.0 | ||
| 008 | 171220b xxu||||| |||| 00| 0 eng d | ||
| 040 | _cMACL | ||
| 100 |
_aटी;पी; एस चौधरी _969723 |
||
| 245 | _aतृष्णा की सागर यात्रा | ||
| 260 |
_bनेशनल बुक ट्रस्ट _c2000 |
||
| 350 | _a10 | ||
| 650 |
_aचिल्उ्रन _967955 |
||
| 942 |
_cBK _k741.642 _2ddc |
||
| 999 |
_c10757 _d10757 |
||